Statistics for Largest Countries by Century

Click here to take the quiz!

General Stats

  • This quiz has been taken 76 times
  • The average score is 13 of 29

Answer Stats

Year(s)Answer% Correct
2000, 1900, 1800, 1700China
100%
2000, 1900, 1800, 1700, 1600Russia
100%
2000, 1900United States
100%
2000Brazil
97%
1900, 1800Great Britain
96%
2000, 1900Canada
94%
1800, 1700, 1600Spain
91%
1600, 1500, 1250Mongol Empire
87%
1700, 1600Ottoman Empire
87%
250Roman Empire
87%
1800Portugal
83%
1250Holy Roman Empire
80%
1700Mughal Empire
36%
750Umayyad Caliphate
26%
1600, 1500Ming Dynasty
20%
1250Song Dynasty
16%
1500Kazakhstan
12%
750Tang Dynasty
12%
1500Timurid Empire
12%
750Tibet
10%
250Sasanian Empire
9%
1250Delhi Sultanate
7%
250Eastern Wu
6%
1250Ayyubid Dynasty
4%
1500Sibir
4%
750Uyghur Khaganate
4%
750Khazar Khaganate
3%
250Kushan Empire
3%
250Wei
3%

Score Distribution

Percentile by Number Answered

Percent of People with Each Score

Your Score History

You have not taken this quiz